00000000nam 2200000zi 4500
0019.939806
003CaOODSP
00520250107144100
006m     o  d f      
007cr cn|||||||||
008240625t20242024oncabd  obs  f000 0 eng d
020 |a9780660725208
040 |aCaOODSP|beng|erda|cCaOODSP
043 |an-cn---
0861 |aCS18-001/2024-5E-PDF
1001 |aNewstead, Nick, |eauthor.
24510|aActive and public transportation spatial accessibility measures : |bmethodology and key results / |cby Nick Newstead, Kaitlyn Hobbs, Cal Giunta, and Sheldon Birkett.
264 1|a[Ottawa] : |bStatistics Canada = Statistique Canada, |cNovember 20, 2024.
264 4|c©2024
300 |a1 online resource (29 pages) : |billustrations, maps, graphs.
336 |atext|btxt|2rdacontent
337 |acomputer|bc|2rdamedia
338 |aonline resource|bcr|2rdacarrier
4901 |aReports on special business projects
500 |aCover title.
500 |aIssued also in French under title: Mesures spatiales de l'accessibilité en transport actif et en transport en commun : méthodologie et résultats clés.
504 |aIncludes bibliographical references (page 29).
520 |a"This report provides methodological details and results of the spatial access measures produced by the Data Exploration and Integration Lab, Centre for Special Business Projects in partnership with Housing, Infrastructure and Communities Canada (formerly, Infrastructure Canada). A total of 28 measures were produced for seven destinations and three modes of transportation. Destinations include employment, healthcare facilities, public K-12 education facilities, public post-secondary facilities, grocery stores, sports and recreation facilities, and cultural and art facilities. For each destination, there are four transportation varieties: access via public transit during peak hours, access via public transit during off-peak hours, access via cycling and access via walking. This resulted in four databases, one for each transportation mode variant, comprised of 16 variables and recorded at the dissemination block level for all of Canada"--Executive summary, page 6.
650 0|aUrban transportation|zCanada|xPlanning.
650 0|aTransportation|zCanada|xManagement.
650 0|aTransportation|zCanada|xPassenger traffic|vStatistics.
650 0|aTransportation|zCanada|vStatistics.
655 7|aStatistics|2lcgft
7102 |aStatistics Canada, |eissuing body.
77508|tMesures spatiales de l'accessibilité en transport actif et en transport en commun : |w(CaOODSP)9.939807
830#0|aReports on special business projects.|w(CaOODSP)9.826502
85640|qPDF|s3.74 MB|uhttps://publications.gc.ca/collections/collection_2024/statcan/18-001-x/18-001-x2024005-eng.pdf
8564 |qHTML|sN/A|uhttps://www150.statcan.gc.ca/n1/pub/18-001-x/18-001-x2024005-eng.htm
986 |a18-001-X